| 000 | 02006cam a2200325 a 4500 | ||
|---|---|---|---|
| 001 | 15912005 | ||
| 003 | OSt | ||
| 005 | 20180117085959.0 | ||
| 008 | 090918s2010 cau b 001 0 eng | ||
| 010 | _a 2009038198 | ||
| 020 | _a9781412979429 (pbk.) | ||
| 020 | _a1412979420 (pbk.) | ||
| 035 | _a(OCoLC)ocn432993508 | ||
| 040 |
_aDLC _beng _cDLC _dBTCTA _dYDXCP _dCDX _dOCLCQ _dDLC |
||
| 050 | 0 | 0 |
_aHM586 _b.S64 2010 |
| 082 | 0 | 0 |
_a301 _222 |
| 245 | 0 | 0 |
_aSociology : _bexploring the architecture of everyday life : readings / _cDavid M. Newman, Jodi O'Brien. |
| 250 | _a8th ed. | ||
| 260 |
_aThousand Oaks, Calif. : _bPine Forge Press, an Imprint of Sage Publications, _cc2010. |
||
| 300 |
_ax, 383 p. : _bill. ; _c26 cm. |
||
| 504 | _aIncludes bibliographical references and index. | ||
| 505 | 0 | _aTaking a new look at a familiar world -- Seeing and thinking sociologically -- Building reality : the social construction of knowledge -- Building order : culture and history -- Building identity : socialization -- Supporting identity : the presentation of self -- Building social relationships : intimacy and family -- Constructing difference : social deviance -- The structure of society : organizations and social institutions -- The architecture of stratification: social class inequality -- The architecture of inequality : race and ethnicity -- The architecture of inequality : sex and gender -- Global dynamics and population demographic trends -- The architects of change : reconstructing society. | |
| 650 | 0 | _aSociology. | |
| 700 | 1 |
_aNewman, David M., _d1958- |
|
| 700 | 1 | _aO'Brien, Jodi. | |
| 906 |
_a7 _bcbc _corignew _d1 _eecip _f20 _gy-gencatlg |
||
| 942 |
_2ddc _cBK |
||
| 999 |
_c3106 _d3106 |
||